| 000 | 00764nam a2200193 a 4500 | ||
|---|---|---|---|
| 001 | 000023905 | ||
| 005 | 20200930022546.0 | ||
| 008 | 110117s1970 sp ab r 000 0 spa d | ||
| 040 |
_aDO-SdBNP _bspa _cBNPHU |
||
| 082 |
_axxxxx _bS238m |
||
| 100 | 1 |
_aSanz Jarque, Juan José _949168 |
|
| 245 | 1 | 0 |
_aMás allá de la reforma agraria : _bla funcionalidad de la propiedad de la tierra y la cuestión de Sástago / _cJuan José Sanz Jarque. |
| 260 |
_aMadrid : _bPublicaciones Españolas, _c1970. |
||
| 300 |
_a350 p. : _bil., mapas. , ; _c23.5 cm. |
||
| 500 | _aIncluye bibliografía. | ||
| 500 | _aIncluye referencias bibliográficas y notas al pie de las páginas. | ||
| 500 | _aIncluye referencia biográfica del autor en la solapa de la portada. | ||
| 049 | _aBNGR | ||
| 999 |
_c23401 _d23401 |
||